Brésiliens célèbres par images - Statistiques

Statistiques générales
  • Ce quiz a été pris 241 fois
  • Le résultat moyen est 7 sur 16
Statistiques - réponses
Par images Réponse % Correct
Pelé
97%
Neymar Jr
90%
Ronaldo
90%
Cristina Córdula
76%
Jair Bolsonaro
72%
Ayrton Senna
68%
Lula
66%
Carlos Ghosn
29%
Dilma Rousseff
24%
Gilberto Gil
16%
Roberto Carlos
14%
Paulo Coelho
7%
Morena Baccarin
6%
Wagner Moura
6%
Getúlio Vargas
4%
Castelo Branco
1%
Aucun quiz correspondant
Distribution des résultats
% des personnes avec chaque résultat
Percentile par nombre de réponses
Votre historique - résultats
Vous n’avez pas pris ce quiz